THEORY OF STRUCTURES (Record no. 1160134)

MARC details
000 -LEADER
fixed length control field 00253nam a2200109Ia 4500
008 - FIXED-LENGTH DATA ELEMENTS--GENERAL INFORMATION
fixed length control field 240521s2005 xx 000 0 und d
041 ## - LANGUAGE CODE
Language code of text/sound track or separate title eng
100 ## - MAIN ENTRY--PERSONAL NAME
Personal name RAMAMRUTHAM S & NARAYAN R
245 ## - TITLE STATEMENT
Title THEORY OF STRUCTURES
260 ## - PUBLICATION, DISTRIBUTION, ETC.
Date of publication, distribution, etc. 2005
300 ## - PHYSICAL DESCRIPTION
Extent 1428

No items available.